000 01429nam0a2200325 4500
001 RU\NLR\BIBL_A\010812367
005 20250614102031.0
010 _a978-5-215-02723-3
_9500
021 _aRU
_b2015-38259
_92269
021 _aRU
_b2015-48287
_92869
035 _a(NILC)RuMoRGB-007966056
035 _a(NLR Aleph) 010812367
090 _a10208167
_c10208167
100 _a20150731d2015 |||y0rusy50 ca
101 0 _arus
102 _aRU
_aRU
105 _aa|||z||||01yy
200 1 _aГенезис менеджмента
_eмонография
_fА. В. Райченко, д. э. н., проф.
_gМ-во образования и науки Российской Федерации, Федеральное гос. бюджетное образовательное учреждение высш. проф. образования "Гос. ун-т упр."
210 _aМосква
_cГосударственный университет управления
_d2015
215 _a124 с.
_cил.
_d21
320 _aБиблиогр.: с. 123-124 (33 назв.)
606 1 _aМенеджмент
_91566100
_3RU\NLR\AUTH\66685658
686 1 _aУ21(0)
700 1 _aРайченко
_bА. В.
_gАлександр Васильевич
801 0 _aRU
_bРГБ
_c20150701
_gRCR
801 2 _aRU
_bРГБ
_c20150703
_grcr
942 _cBOOK
980 _aNB